000
00338nam a2200145Ia 4500
100
_a
Kalavar Anasuya Mrs.
650
_a
Electrical Engineering
942
_c
BK
654
_a
Engineering
245
_a
Electronics materials & Components
260
_b
Everest Pub
_a
Pune
_c
1990
082
_a
621.38028
546
_a
ENGLISH
999
_c
21944
_d
21944